000 00677nam a22002297a 4500
008 151016b xxu||||| |||| 00| 0 eng d
020 _a9780073523019
020 _a0073523011
041 0 _aeng
080 _a658
100 1 _aBrickley, James A.
245 1 0 _aManagerial economics and organizational architecture /
_cJames A. Brickley, Clifford W. Smith, Jr., Jerold L. Zimmerman.
250 _a4th ed.
260 _aBoston :
_bMcGraw-Hill Irwin,
_c2007.
300 _axxii, 730 f. :
_bme il.;
_c27 cm.
650 0 _aEkonomiks
650 0 _aMenaxherial
650 0 _aEfektivitet
700 1 _aSmith, Clifford W.
700 1 _aZimmerman, Jerold L.,
942 _2udc
_cBK
999 _c1311
_d1311